Conservacion del Suelo : (Record no. 1824)

000 -CABECERA
fixed length control field 01378nam a22002177a 4500
003 - IDENTIFICADOR DEL NÚMERO DE CONTROL
control field AR-CdUCM
008 - DATOS DE LONGITUD FIJA--INFORMACIÓN GENERAL
fixed length control field 190228b ||||| |||| 00| 0 spa d
040 ## - FUENTE DE LA CATALOGACIÓN
Agencia/entidad que catalogó originalmente la obra MUNICIPALIDAD PROVINCIAL DEL CUSCO
Entidad que transcribió la catalogación BIBLIOTECA MUNICIPAL DEL CUSCO
082 ## - NÚMERO DE LA CLASIFICACIÓN DECIMAL DEWEY
No. de la edición 1ra. ed.
No. de Clasificación 631.45 /
Notacion interna G95
100 ## - ENTRADA PRINCIPAL--NOMBRE DE PERSONA
Nombre Personal Gustafson A.F.
245 ## - MENCIÓN DE TÍTULO
Título Conservacion del Suelo :
Resto del título (Conservacion of the soil) /
Mención de responsabilidad Gustafson A.F.
260 ## - PUBLICACIÓN, DISTRIBUCIÓN, ETC.
Lugar de publicación, distribución, etc. Mexico :
Nombre de la editorial, distribuidor, etc. Editorial Continental S.A. ,
Fecha de publicación, distribución, etc. 1957.
300 ## - DESCRIPCIÓN FÍSICA
Nº de Páginas Extensión 320 paginas :
Dimensiones 23 cm.
505 ## - NOTA DE CONTENIDO CON FORMATO
Nota de contenido formateada La Erosion del Suelo -- Resultados de la Erosion del Suelo -- Influencia de la Precipitacion y de la Latitud sobre la Erosion del Suelo -- La influencia de la pendiente y del suelo sobre la erosion -- Influencia de la Cubierta Vegetal Natural -- Efectos de las Cosechas y del cultivo -- Conservacion de la Materia Organica -- Importancia de las Labores y Plantaciones -- Cultivo en fajas siguiendoi las curvas del Nivel -- Terrazas -- Praderas, Pastos, Bosques -- Correncion y Eliminacion de las Barrancas -- Defensa contra la Erosion Eolica -- Defensa contra la Erosion por las Olas -- Defensa de las carreteras contra la Erosion -- Defensa contra las Inundaciones...
650 ## - PUNTO DE ACCESO ADICIONAL DE MATERIA--TÉRMINO DE MATERIA
Descriptor Geomorfologia.
9 (RLIN) 6691
650 ## - PUNTO DE ACCESO ADICIONAL DE MATERIA--TÉRMINO DE MATERIA
Descriptor Estudio de Suelos.
9 (RLIN) 6692
650 ## - PUNTO DE ACCESO ADICIONAL DE MATERIA--TÉRMINO DE MATERIA
Descriptor Erosion del Suelo.
9 (RLIN) 6693
700 ## - PUNTO DE ACCESO ADICIONAL--NOMBRE DE PERSONA
Nombre Personal Gustafson A.F.
9 (RLIN) 6690
942 ## - ELEMENTOS DE PUNTO DE ACCESO ADICIONAL (KOHA)
Fuente de clasificación
Tipo de item Libros-BMC
945 ## - PROCESAMIENTO DE INFORMACIÓN LOCAL (OCLC)
Catalogador rtm
AAAA-MM-DD - Fecha de ingreso o modificacion 2019-02-28
Holdings
Estado de retiro (separado) Fuente de clasificación o esquema de estanterías Estado dañado Ubicación Sala donde se ubica Nombre de la colección Fecha de adquisición o compra Costo, precio normal en soles Signatura topográfica Código de Barras Última vez visto (Koha) Tipo de ítem (Koha)
No     Sala Ciencias Sala Ciencias Book Cart 2019-02-28 20.00 631.45 / G95 SC0000001650 2019-02-28 Libros-BMC

Powered by Koha